Modern materialism ; a philosophy of action.

Bibliographic Details
Main Author: Seely, Charles Sherlock, 1892-
Format: Book
Language:English
Published: New York : Philosophical Library, [1960]
Subjects:

MARC

Tag First Indicator Second Indicator Subfields
LEADER 00000cam a2200000 4500
001 in00000053125
005 20151007080446.0
008 740716s1960 eng u
010 |a  60016173  
035 |a (OCoLC)00946700 
035 |9 AAF4853AM 
040 |c ITD  |d TXA  |d UtOrBLW 
049 |a TXAM  |c [324066] 
050 0 0 |a B825  |b .S38 
082 0 |a 146.3 
092 |a 146  |b S452m 
100 1 |a Seely, Charles Sherlock,  |d 1892- 
245 1 0 |a Modern materialism ;  |b a philosophy of action. 
264 1 |a New York :  |b Philosophical Library,  |c [1960] 
300 |a 83 pages ;  |c 20 cm. 
336 |a text  |b txt  |2 rdacontent 
337 |a unmediated  |b n  |2 rdamedia 
338 |a volume  |b nc  |2 rdacarrier 
650 0 |a Materialism. 
999 |a MARS 
999 f f |s d142b2c8-4288-3e2a-b7df-af7a223b7c8d  |i f6c98e7a-aa18-3ed0-b223-349b023bfa66  |t 0 
952 f f |p ric  |a Texas A&M University  |b Rellis Campus  |c Joint Library Facility  |d Remote Storage  |t 0  |e B825 .S38  |h Library of Congress classification  |i unmediated -- volume  |m A14800519030 
998 f f |a B825 .S38  |t 0  |l Remote Storage